| 000 | 00790nam a2200193Ia 4500 | ||
|---|---|---|---|
| 003 | LDD | ||
| 008 | 190117s9999 xx 000 0 und d | ||
| 020 | _c₹500 | ||
| 040 | _cLDD | ||
| 041 | _ahi | ||
| 082 | _a8H0.16 म7601हिं | ||
| 100 | _aमहाजन, यशपाल | ||
| 245 | 0 |
_aहिदी साहित्यः आलोचना ग्रंथ सूची 1947-1971 (हिन्दी साहित्य पर आलोचना तथा भाषाविज् _cयशपाल महाजन |
|
| 260 |
_aदिल्ली _bभारतीय ग्रंथ निकेतन _c1971 |
||
| 300 | _a335 | ||
| 901 | _aAAKAR | ||
| 904 | _aReqst by : सत्यकाम | ||
| 942 |
_2ddc _cH |
||
| 999 |
_c165959 _d165959 |
||